|
|
|
|
| LEADER |
00000nas a2200000 a 4500 |
| 001 |
ssj0005314 |
| 003 |
WaSeSS |
| 005 |
20200512172242.0 |
| 006 |
m d |
| 007 |
cr n |
| 008 |
990920c19509999kyuqr pss f0 0eng c |
| 010 |
|
|
|a 2002230277
|
| 022 |
|
|
|y 0004-2420
|
| 035 |
|
|
|a (WaSeSS)ssj0005314
|
| 037 |
|
|
|a 708-109-00000-2
|b Paper subscription available from: Supt. of Docs., P.O. Box 979050, St. Louis, MO 63197-9000
|
| 040 |
|
|
|a AAA
|b eng
|c AAA
|d OCL
|d OCLCQ
|d GPO
|d OCLCQ
|d FGA
|d OCLCQ
|d GPO
|d OCLCQ
|d GPO
|d OCLCQ
|d OCLCF
|d OCLCO
|d DKDLA
|d GPO
|d COO
|d GPO
|d OCL
|d GPO
|d OCLCQ
|d GILDS
|d ORU
|d U3W
|d OCLCO
|d ORU
|d WaSeSS
|
| 042 |
|
|
|a pcc
|
| 043 |
|
|
|a n-us---
|
| 074 |
|
|
|a 0322-M (online)
|
| 086 |
0 |
|
|a D 101.78/2:
|
| 130 |
0 |
|
|a Armor (Washington, D.C.)
|
| 245 |
1 |
0 |
|a Armor
|h [electronic resource].
|
| 246 |
1 |
|
|i Also known as:
|a Armor magazine
|
| 246 |
1 |
|
|i Some providers have also the title:
|a eARMOR
|
| 260 |
|
|
|a Fort Knox, Ky. :
|b Chief of Armor
|
| 310 |
|
|
|a Quarterly,
|b 2013
|
| 321 |
|
|
|a Bimonthly,
|b -2012
|
| 362 |
1 |
|
|a Print began with vol. 59, no. 4 (July/Aug. 1950).
|
| 490 |
1 |
|
|a PB (United States. Army)
|
| 500 |
|
|
|a Some v. distributed to depository libraries, except July-Aug. 2001-<Nov.-Dec. 2001>
|
| 500 |
|
|
|a "Magazine of mounted warfare"--Home page screen caption.
|
| 506 |
|
|
|a License restrictions may limit access.
|
| 516 |
8 |
|
|a PDF format.
|
| 520 |
|
|
|a ARMOR is the professional journal of the U.S. Army's Armor Branch, published by the Chief of Armor at Fort Knox, Ky., training center for the Army's tank and cavalry forces. It seeks to address such problems as implementing official doctrine, addressing concerns about the wisdom of particular tactics, expressing useful discoveries that have been made within units and sharing techniques with others.
|
| 588 |
|
|
|a Description based on: Sept.-Oct. 1995; title from title screen (viewed Mar. 6, 2002).
|
| 588 |
|
|
|a Latest issue consulted: Vol. 123, no. 3 (Jul-Sep 2014) (viewed Nov. 21, 2014).
|
| 610 |
1 |
0 |
|a United States.
|b Army
|x Drill and tactics
|v Periodicals.
|
| 610 |
1 |
0 |
|a United States.
|b Army
|x Armored troops
|v Periodicals.
|
| 610 |
1 |
7 |
|a United States.
|b Army.
|2 fast
|0 (OCoLC)fst00533532
|
| 650 |
|
0 |
|a Tanks (Military science)
|z United States
|v Periodicals.
|
| 650 |
|
7 |
|a Armed Forces
|x Armored troops.
|2 fast
|0 (OCoLC)fst01351736
|
| 650 |
|
7 |
|a Armed Forces
|x Drill and tactics.
|2 fast
|0 (OCoLC)fst01351764
|
| 650 |
|
7 |
|a Tanks (Military science)
|2 fast
|0 (OCoLC)fst01142780
|
| 651 |
|
7 |
|a United States.
|2 fast
|0 (OCoLC)fst01204155
|
| 655 |
|
0 |
|a Electronic journals.
|
| 710 |
2 |
|
|a US Army Armor Center.
|b Office of the Chief of Armor.
|
| 776 |
0 |
8 |
|i Print version:
|t Armor (Washington, D.C.)
|x 0004-2420
|w (DLC) 01026664
|w (OCoLC)4759508
|
| 776 |
0 |
8 |
|i Microfiche version:
|t Armor (Washington, D.C.)
|w (OCoLC)27371904
|
| 780 |
0 |
0 |
|t Armored cavalry journal
|w (DLC) 2019260307
|w (OCoLC)1126346105
|
| 787 |
0 |
|
|t Cavalry & armor journal
|
| 830 |
|
0 |
|a PB (United States. Army)
|
| 856 |
4 |
0 |
|z Full text available from Research Library: 01/01/1997 to 11/30/2007
|u https://search.proquest.com/publication/25121
|